000 00456nam a2200133Ia 4500
008 100328s9999 xx 000 0 und d
082 _b12375
100 _aनेने माधव वामन
245 _aसुक्ष्म-जंतु जादुगार
260 _bआनंद
630 _aसुक्ष्म-जंतु जादुगार
730 _aसुक्ष्म-जंतु जादुगार
942 _cBOOK
999 _c507631
_d507628